Contribución al conocimiento de los Membracidae de Colombia. IV (Registro nro. 14835)

Detalles MARC
000 -CABECERA
Campo de control 003020000a22001090004500
090 ## - CLASIFICACIÓN LOCAL
Colección AS
Consecutivo Seriadas
041 0# - IDIOMA
Código de idioma para texto/pista de sonido o título separado
100 1# - ASIENTO PRINCIPAL--NOMBRE PERSONAL
Nombre personal Richter, Leopoldo
245 10 - MENCION DE TITULO
Título Contribución al conocimiento de los Membracidae de Colombia. IV
773 1# - Item fuente:
Título Caldasia
Especificación de materiales 45
Descripción física 6
Paginas del Articulo 81-112
Lugar, editorial y fecha de publicación 1943
942 ## - ELEMENTOS ADICIONALES (KOHA)
Tipo de ítem Artículo

No hay ítems disponibles.